000
00500nam a2200181Ia 4500
008
090124s9999 xx 000 0 und d
082
_b
43944
100
_a
दिवाण वृंदा
245
_a
पत्र
250
_a
1
260
_b
विद्यार्थी प्रकाशन
_c
2005
300
_a
192
600
_a
दिवाण वृंदा
630
_a
पत्र
700
_a
दिवाण वृंदा
730
_a
पत्र
942
_c
BOOK
999
_c
110163
_d
110163